00904 a2200193 45000010006000000050017000060080041000230030015000640400040000790800031001192450015001500200022001652640045001873000019002325050401002510410008006521000021006607000029006816039520260407155855.0260407a2004 arg spa dAR-UNSa-BCEJYS aAR-UNSa-BCEJYSbspacAR-UNSa-BCEJYS a330xEconomía en general10aEconomía a978-950-701-859-6 1aBuenos Aires :bAique Grupo Editorc2004 a195 p.c23 cm. a1. ¿Qué es la economía? - 2. Los grandes debates económicos a través del tiempo – 3. El pensamiento económico moderno – 4. El sistema y los agentes económicos – 5. La demanda – 6. La oferta de bienes y servicios – 7. El mercado – 8. Macroeconomía – 9. Problemas económicos contemporáneos – 10. Los modelos de la economía argentina – 11. De cara al siglo XXI aspa1 aMaas, Pablo Luis1 aCastillo, José Ernesto